[Event "BL 1718 MSA Zugzwang - OSG Baden Baden"]
[Site "?"]
[Date "2017.11.11"]
[Round "3.1"]
[White "Wojtaszek, Radoslaw"]
[Black "Mons, Leon"]
[Result "1/2-1/2"]
[WhiteElo "2737"]
[BlackElo "2500"]
[PlyCount "88"]
[EventDate "2017.??.??"]

1. c4 Nf6 2. Nc3 e6 3. e4 c5 4. e5 Ng8 5. Nf3 Nc6 6. d4 cxd4 7. Nxd4 Nxe5 8.
Ndb5 f6 9. Be3 a6 10. Nd6+ Bxd6 11. Qxd6 Ne7 12. Bb6 Nf5 13. Qb4 Nc6 14. Qc5
Qe7 15. O-O-O Qxc5 16. Bxc5 d6 17. Bxd6 Nxd6 18. Rxd6 Bd7 19. Na4 O-O-O 20.
Nb6+ Kc7 21. Rxd7+ Rxd7 22. Nxd7 Kxd7 23. Kd2 Kd6 24. Kc3 a5 25. Bd3 Ne5 26.
Be2 Rc8 27. b3 b5 28. Rd1+ Ke7 29. a3 g5 30. g3 h6 31. f4 Nd7 32. b4 axb4+ 33.
Kxb4 bxc4 34. Bxc4 Nb6 35. Bb3 Rb8 36. Kc3 Rc8+ 37. Kb2 gxf4 38. gxf4 Nc4+ 39.
Ka2 Na5 40. Re1 Nxb3 41. Kxb3 Rb8+ 42. Kc3 Ra8 43. Kb4 Rb8+ 44. Kc3 Ra8 1/2-1/2

[Event "BL 1718 MSA Zugzwang - OSG Baden Baden"]
[Site "?"]
[Date "2017.11.11"]
[Round "3.3"]
[White "Vallejo Pons, Francisco"]
[Black "Bromberger, Stefan"]
[Result "1-0"]
[WhiteElo "2714"]
[BlackElo "2505"]
[PlyCount "91"]
[EventDate "2017.??.??"]

1. e4 e5 2. Nf3 Nf6 3. Nc3 Nc6 4. Bb5 Bd6 5. a3 O-O 6. d3 Nd4 7. Bc4 Bc5 8.
Nxe5 d6 9. Nf3 Bg4 10. Be3 Nd7 11. h3 Bxf3 12. gxf3 Ne5 13. f4 Nef3+ 14. Kf1 c6
15. Ba2 Nh4 16. Rg1 Kh8 17. f5 Ndf3 18. d4 Nxg1 19. dxc5 Ngf3 20. Qxd6 Qf6 21.
Bf4 Rad8 22. Qxf6 gxf6 23. Bd6 Rg8 24. Ke2 Rd7 25. Ke3 Ne5 26. Ne2 Ng2+ 27. Kd2
Nf3+ 28. Kc3 Ng5 29. Ng3 Re8 30. Rg1 Nh4 31. Re1 Nxf5 32. Nxf5 Nxe4+ 33. Rxe4
Rxe4 34. Bc4 Re1 35. h4 Rg1 36. b4 Rg2 37. Bg3 Kg8 38. a4 Rg1 39. Bd6 Rg2 40.
Bg3 Rg1 41. Nd6 b6 42. a5 bxc5 43. bxc5 Re1 44. a6 Kg7 45. Nf5+ Kg6 46. Nd4 1-0

[Event "BL 1718 MSA Zugzwang - OSG Baden Baden"]
[Site "?"]
[Date "2017.11.11"]
[Round "3.4"]
[White "Hertneck, Gerald"]
[Black "Bacrot, Etienne"]
[Result "1/2-1/2"]
[WhiteElo "2496"]
[BlackElo "2723"]
[PlyCount "141"]
[EventDate "2017.??.??"]

1. d4 d5 2. c4 e6 3. Nf3 Nf6 4. Nc3 Be7 5. Bg5 h6 6. Bh4 O-O 7. e3 b6 8. cxd5
Nxd5 9. Bxe7 Qxe7 10. Nxd5 exd5 11. Rc1 Be6 12. Qa4 c5 13. Qa3 Rc8 14. Be2 Nd7
15. O-O Kf8 16. dxc5 bxc5 17. b3 a5 18. Bb5 Nb6 19. Qb2 Kg8 20. a4 Nd7 21. Rfd1
Nf6 22. Ne5 Rc7 23. Nd3 Bg4 24. Rd2 Rd8 25. Qe5 Be6 26. Rdc2 c4 27. Nf4 Bg4 28.
Qxe7 Rxe7 29. bxc4 dxc4 30. h3 Bd7 31. Ne2 Nd5 32. Rxc4 Bxb5 33. axb5 Nb6 34.
Rc6 Rb7 35. Ra1 a4 36. Nc3 Rbb8 37. Ne4 Rd3 38. Nc5 Rd2 39. Nxa4 Nxa4 40. Rxa4
Rxb5 41. Rc8+ Kh7 42. Rf4 Rd7 43. Rf8 Rbb7 44. g4 g5 45. Rf5 Kg7 46. Rc8 Rdc7
47. Rc5 Rxc8 48. Rxc8 Ra7 49. Kg2 Ra2 50. Rc6 Kh7 51. h4 Kg7 52. h5 Ra4 53. Kf3
Ra2 54. Rc3 Ra1 55. e4 Re1 56. Re3 Ra1 57. e5 Ra4 58. Re4 Ra3+ 59. Kg2 Ra2 60.
Kg3 Ra3+ 61. f3 Kf8 62. Kf2 Ra2+ 63. Re2 Ra4 64. e6 Ra6 65. f4 gxf4 66. e7+ Ke8
67. Kf3 Re6 68. Rxe6 fxe6 69. g5 Kxe7 70. gxh6 Kf7 71. Kxf4 1/2-1/2

[Event "BL 1718 MSA Zugzwang - OSG Baden Baden"]
[Site "?"]
[Date "2017.11.11"]
[Round "3.5"]
[White "Naiditsch, Arkadij"]
[Black "Zysk, Robert"]
[Result "1-0"]
[WhiteElo "2702"]
[BlackElo "2400"]
[PlyCount "99"]
[EventDate "2017.??.??"]

1. e4 g6 2. d4 d6 3. Nc3 Bg7 4. Be3 Nf6 5. h3 c6 6. Nge2 Nbd7 7. g4 e5 8. g5
Nh5 9. d5 c5 10. Bg2 h6 11. h4 hxg5 12. hxg5 Qb6 13. Rb1 Qa5 14. a3 Nf4 15.
Rxh8+ Bxh8 16. Bf1 Nxe2 17. Bxe2 a6 18. b4 Qc7 19. b5 Bg7 20. Qd2 Ke7 21. Rb3
Nb6 22. bxa6 bxa6 23. a4 Rb8 24. a5 Nd7 25. Na4 Rxb3 26. cxb3 Kf8 27. Bc4 Qb7
28. f3 Kg8 29. Nb2 Bf8 30. Nd3 Qc7 31. Qa2 Be7 32. b4 Bd8 33. Ke2 cxb4 34. Nxb4
Bb7 35. Nc6 Nc5 36. Bxc5 dxc5 37. Nxd8 Qxd8 38. Qb2 Qxg5 39. Qxb7 Qg2+ 40. Ke3
Qg1+ 41. Kd2 Qd4+ 42. Bd3 Qf2+ 43. Be2 Qd4+ 44. Kc2 Qa4+ 45. Qb3 Qxa5 46. d6
Kf8 47. Bc4 Qe1 48. Qd3 Qf2+ 49. Kb3 Ke8 50. Bxa6 1-0

[Event "BL 1718 MSA Zugzwang - OSG Baden Baden"]
[Site "?"]
[Date "2017.11.11"]
[Round "3.6"]
[White "Hoffmeyer, Falk"]
[Black "Kasimdzhanov, Rustam"]
[Result "0-1"]
[WhiteElo "2377"]
[BlackElo "2676"]
[PlyCount "150"]
[EventDate "2017.??.??"]

1. Nf3 g6 2. d4 d6 3. e3 Bg7 4. c4 Nf6 5. Nc3 Bf5 6. Be2 Ne4 7. Nxe4 Bxe4 8.
O-O O-O 9. Bd2 e5 10. Bc3 Qe7 11. dxe5 dxe5 12. b4 Rd8 13. Qb3 b6 14. Rfd1 Nd7
15. Qb2 Re8 16. Rd2 Nf8 17. Rad1 a5 18. a3 Bc6 19. Rc1 h6 20. Rcd1 Kh7 21. Rc1
f5 22. Rcd1 Bf6 23. Ne1 Kg7 24. Nc2 Ba4 25. Rc1 Bxc2 26. Rdxc2 axb4 27. axb4 c5
28. Rd2 e4 29. bxc5 bxc5 30. Rcd1 Bxc3 31. Qxc3+ Qe5 32. Qxe5+ Rxe5 33. g3 h5
34. Rb1 Re7 35. Rb5 Rc7 36. Rdb2 Nd7 37. Rb7 Ra7 38. Rxc7 Rxc7 39. Ra2 Ne5 40.
Kg2 Kf6 41. Ra6+ Ke7 42. h3 Rb7 43. Ra5 Rb2 44. Bf1 Kd6 45. Ra6+ Kd7 46. Ra7+
Kc6 47. Ra8 Rb1 48. Rc8+ Kd6 49. Rd8+ Ke6 50. Re8+ Kf6 51. Rc8 Nf3 52. Rd8 Ne1+
53. Kg1 h4 54. gxh4 Nf3+ 55. Kg2 Nxh4+ 56. Kg1 Nf3+ 57. Kg2 Nh4+ 58. Kg1 Re1
59. Rd6+ Kf7 60. Rd7+ Ke6 61. Rd8 Nf3+ 62. Kg2 g5 63. Re8+ Kd7 64. Rg8 Nh4+ 65.
Kg1 Ke7 66. Rc8 Nf3+ 67. Kg2 Nd2 68. Rxc5 Nxf1 69. Rxf5 Nd2 70. Re5+ Kf6 71.
Re8 Kf7 72. Re5 Kf6 73. Re8 Rc1 74. h4 gxh4 75. Kh3 Nf3 0-1

[Event "BL 1718 MSA Zugzwang - OSG Baden Baden"]
[Site "?"]
[Date "2017.11.11"]
[Round "3.7"]
[White "Gustafsson, Jan"]
[Black "Eichler, Christoph"]
[Result "1-0"]
[WhiteElo "2640"]
[BlackElo "2286"]
[PlyCount "91"]
[EventDate "2017.??.??"]

1. c4 e6 2. Nc3 d5 3. d4 Nf6 4. Nf3 c5 5. Bf4 a6 6. e3 Nc6 7. a3 dxc4 8. Bxc4
cxd4 9. exd4 Be7 10. O-O O-O 11. Ba2 Nd5 12. Nxd5 exd5 13. Qb3 Bf6 14. Be3 Ne7
15. Bg5 Bxg5 16. Nxg5 b5 17. Rac1 Bf5 18. Rfe1 Rc8 19. Rxc8 Bxc8 20. Qe3 Nf5
21. Qf4 h6 22. Nf3 Be6 23. Re5 Ne7 24. Bb1 Nc6 25. Re1 Na5 26. Qd2 Re8 27. b3
Nb7 28. Qc2 g6 29. Qc6 Na5 30. Qxa6 Nxb3 31. Qxb5 Qb8 32. Qb4 Rc8 33. h3 Kg7
34. Bd3 Qxb4 35. axb4 Rb8 36. Rb1 Rxb4 37. Nd2 Nxd2 38. Rxb4 Kf6 39. f3 h5 40.
Kf2 Ke7 41. Ke3 Nc4+ 42. Bxc4 dxc4 43. h4 Kd6 44. Rb6+ Kd5 45. Rb5+ Kd6 46. Kd2
1-0

[Event "BL 1718 MSA Zugzwang - OSG Baden Baden"]
[Site "?"]
[Date "2017.11.11"]
[Round "3.8"]
[White "Lammers, Markus"]
[Black "Nielsen, Peter Heine"]
[Result "1/2-1/2"]
[WhiteElo "2308"]
[BlackElo "2639"]
[PlyCount "79"]
[EventDate "2017.??.??"]

1. Nf3 g6 2. c4 Bg7 3. d4 Nf6 4. Nc3 d5 5. e3 O-O 6. Be2 c5 7. O-O cxd4 8. exd4
Nc6 9. Re1 Bf5 10. Bf4 dxc4 11. Bxc4 Rc8 12. Rc1 Bg4 13. d5 Na5 14. Bf1 Nc4 15.
Qb3 Nb6 16. Rcd1 Bxf3 17. gxf3 Qd7 18. a4 Rcd8 19. d6 e6 20. Bg3 Nh5 21. a5
Nxg3 22. hxg3 Bxc3 23. Bb5 Qc8 24. bxc3 Nd7 25. Rd4 Qc5 26. f4 a6 27. Bxd7 Rxd7
28. Re5 Qc6 29. Qb4 Rfd8 30. Rc5 Qf3 31. Rc7 h5 32. Qc5 Kh7 33. Qg5 Qe2 34. Kg2
Rxc7 35. dxc7 Rxd4 36. cxd4 Qe4+ 37. Kg1 Qe1+ 38. Kg2 Qe4+ 39. Kg1 Qe1+ 40. Kg2
1/2-1/2

[Event "BL 1718 FC Bayern München - Speyer-Sch"]
[Site "?"]
[Date "2017.11.11"]
[Round "3.1"]
[White "Neiksans, Arturs"]
[Black "Studer, Noel"]
[Result "1-0"]
[WhiteElo "2584"]
[BlackElo "2471"]
[PlyCount "91"]
[EventDate "2017.??.??"]

1. Nf3 d5 2. g3 Bg4 3. Bg2 c6 4. h3 Bh5 5. O-O e6 6. c4 Nd7 7. cxd5 exd5 8. Nc3
Bxf3 9. Bxf3 d4 10. Nb1 h5 11. e3 h4 12. g4 Bd6 13. Bg2 Ne7 14. exd4 Nb6 15.
Nc3 Bc7 16. d5 Qd6 17. Re1 O-O 18. dxc6 Nxc6 19. d3 f5 20. g5 Qh2+ 21. Kf1 f4
22. Re4 Rf5 23. Qf3 Rxg5 24. Bd2 Ne5 25. Rxe5 Bxe5 26. Ne4 Rg6 27. d4 Bc7 28.
Rc1 Rc8 29. Rc5 Bb8 30. Qb3+ Kh8 31. Rh5+ Rh6 32. Rxh6+ gxh6 33. Qe6 f3 34.
Qxh6+ Kg8 35. Qe6+ Kh8 36. Bxf3 Qc7 37. d5 Qc4+ 38. Be2 Qd4 39. Qh6+ Kg8 40.
Qe6+ Kh8 41. Ng5 Qxd5 42. Qh6+ Kg8 43. Qh7+ Kf8 44. Bb4+ Ke8 45. Bh5+ Kd8 46.
Qe7# 1-0

[Event "BL 1718 FC Bayern München - Speyer-Sch"]
[Site "?"]
[Date "2017.11.11"]
[Round "3.2"]
[White "Gabriel, Christian"]
[Black "Meskovs, Nikita"]
[Result "0-1"]
[WhiteElo "2514"]
[BlackElo "2524"]
[PlyCount "62"]
[EventDate "2017.??.??"]

1. d4 Nf6 2. c4 e6 3. Nf3 b6 4. a3 Ba6 5. Qc2 c5 6. d5 exd5 7. cxd5 g6 8. Nc3
Bg7 9. g3 O-O 10. Bg2 d6 11. O-O Re8 12. Re1 b5 13. e4 Nbd7 14. Bf4 Qb6 15. Bf1
Ng4 16. a4 b4 17. Nb5 Nde5 18. Nxe5 Nxe5 19. Bxe5 Bxe5 20. f4 Bg7 21. Bc4 Rad8
22. Re2 Bc8 23. a5 Qb8 24. a6 Bg4 25. Rf2 Bd7 26. Qd3 Qb6 27. e5 dxe5 28. fxe5
Rxe5 29. d6 Bxb5 30. Bxb5 c4 31. Bxc4 Rf5 0-1

[Event "BL 1718 FC Bayern München - Speyer-Sch"]
[Site "?"]
[Date "2017.11.11"]
[Round "3.3"]
[White "Horvath, Adam"]
[Black "Johansson, Linus"]
[Result "1/2-1/2"]
[WhiteElo "2459"]
[BlackElo "2468"]
[PlyCount "140"]
[EventDate "2017.??.??"]

1. e4 c5 2. Nf3 Nc6 3. d4 cxd4 4. Nxd4 Nf6 5. Nc3 e5 6. Ndb5 d6 7. Bg5 a6 8.
Na3 b5 9. Nd5 Be7 10. Bxf6 Bxf6 11. c4 Nd4 12. cxb5 Be6 13. Nc3 O-O 14. Bd3 Qa5
15. O-O Rab8 16. Nc4 Qb4 17. a3 Qc5 18. Ne3 axb5 19. Ned5 Bg5 20. b4 Qa7 21. a4
bxa4 22. Rxa4 Qd7 23. Ra6 h6 24. b5 Rb7 25. Qa4 Bd2 26. Qa3 Rd8 27. Qb2 Bxc3
28. Nxc3 Qe7 29. Qb4 Nb3 30. Be2 Rc8 31. Rd1 Qc7 32. Nd5 Bxd5 33. Rxd5 Nd4 34.
Bf1 Qc1 35. Rxd4 exd4 36. Rxd6 Qa1 37. Qxd4 Qxd4 38. Rxd4 Rc1 39. g3 Rxb5 40.
Kg2 Rb2 41. Rd8+ Kh7 42. Rd7 f6 43. Bd3 Kg8 44. h4 Rc5 45. Kf3 Kf8 46. Ke3 Rb8
47. Ra7 Rd8 48. Ra3 Ke7 49. Rb3 Rd7 50. Ra3 Rb7 51. Kd4 Rc6 52. h5 Rd7+ 53. Ke3
Rc5 54. g4 Rcc7 55. Kf4 Rd4 56. f3 Rc5 57. Ke3 Rd7 58. Kf4 Rdc7 59. Ra8 Rc3 60.
Be2 Rd7 61. Ra2 Kf7 62. Rb2 Ra7 63. Rb4 Rac7 64. Bd1 Ke7 65. Be2 Ra7 66. Rb2
Raa3 67. Kf5 Rcb3 68. Rc2 Rc3 69. Rb2 Rcb3 70. Rc2 Rc3 1/2-1/2

[Event "BL 1718 FC Bayern München - Speyer-Sch"]
[Site "?"]
[Date "2017.11.11"]
[Round "3.4"]
[White "Fedorovsky, Michael"]
[Black "Nemeth, Miklos"]
[Result "1/2-1/2"]
[WhiteElo "2478"]
[BlackElo "2489"]
[PlyCount "48"]
[EventDate "2017.??.??"]

1. e4 e5 2. Nc3 Nc6 3. Bc4 Nf6 4. d3 Bc5 5. f4 d6 6. Nf3 a6 7. f5 Na5 8. a3
Nxc4 9. dxc4 b5 10. b4 Bb6 11. Bg5 bxc4 12. Qe2 c6 13. Qxc4 Bb7 14. Rd1 Qc7 15.
Qd3 O-O-O 16. Na4 d5 17. Nxb6+ Qxb6 18. Be3 Qc7 19. Nd2 Nxe4 20. Nxe4 dxe4 21.
Qe2 Rxd1+ 22. Qxd1 Qd7 23. Qxd7+ Kxd7 24. Ke2 Kc7 1/2-1/2

[Event "BL 1718 FC Bayern München - Speyer-Sch"]
[Site "?"]
[Date "2017.11.11"]
[Round "3.5"]
[White "Shytaj, Luca"]
[Black "Lindgren, Philip"]
[Result "0-1"]
[WhiteElo "2465"]
[BlackElo "2380"]
[PlyCount "137"]
[EventDate "2017.??.??"]

1. e4 e5 2. Nc3 Nf6 3. g3 d5 4. exd5 Nxd5 5. Bg2 Nxc3 6. bxc3 Nc6 7. Rb1 Bc5 8.
Ne2 Be6 9. Rb5 Bd5 10. O-O Bxg2 11. Kxg2 Qd5+ 12. f3 a6 13. Rb2 O-O-O 14. d3 h5
15. h4 f6 16. c4 Qd7 17. Rh1 Rdg8 18. Bd2 g5 19. hxg5 fxg5 20. Nc3 Qd4 21. Be1
g4 22. Na4 h4 23. c3 Qe3 24. fxg4 hxg3 25. Bxg3 Rxh1 26. Qxh1 Bd6 27. Qh7 Qg5
28. Qe4 Qxg4 29. Qxg4+ Rxg4 30. Kf3 Rg7 31. Bf2 Rf7+ 32. Ke2 Rh7 33. Kf3 Rf7+
34. Ke2 Rh7 35. Kf3 Rh3+ 36. Ke4 Rh2 37. c5 Be7 38. Kd5 Bh4 39. Be3 Rh3 40. Re2
Bg3 41. Nb2 Kd7 42. Ke4 Rh4+ 43. Kf3 Bf4 44. Bf2 Rh3+ 45. Ke4 Rh2 46. Nc4 Bg3
47. Kf3 Bxf2 48. Rxf2 Rxf2+ 49. Kxf2 Ke6 50. Ne3 Ne7 51. Kf3 Nd5 52. Nd1 Nf6
53. Ne3 Nd7 54. d4 Nf6 55. a3 Nd5 56. Nd1 Nxc3 57. Nxc3 exd4 58. Na4 Kd5 59.
Nb2 Kxc5 60. Ke4 b5 61. Ke5 a5 62. Ke4 a4 63. Ke5 b4 64. axb4+ Kxb4 65. Kxd4
c5+ 66. Kd5 a3 67. Nd3+ Kc3 68. Nc1 Kc2 69. Ke5 0-1

[Event "BL 1718 FC Bayern München - Speyer-Sch"]
[Site "?"]
[Date "2017.11.11"]
[Round "3.6"]
[White "Ribli, Zoltan"]
[Black "Yankelevich, Lev"]
[Result "1/2-1/2"]
[WhiteElo "2526"]
[BlackElo "2442"]
[PlyCount "102"]
[EventDate "2017.??.??"]

1. Nf3 d5 2. g3 Nf6 3. Bg2 g6 4. O-O Bg7 5. d4 O-O 6. c4 c6 7. b3 dxc4 8. bxc4
c5 9. Bb2 cxd4 10. Nxd4 Qb6 11. Qb3 Nfd7 12. e3 Nc5 13. Qa3 e5 14. Nc3 Be6 15.
Nxe6 fxe6 16. Rad1 Nba6 17. Nb5 Nc7 18. Bc3 Nxb5 19. cxb5 a5 20. Qb2 Na4 21.
Qb3 Nxc3 22. Qxc3 Rac8 23. Qb3 Rfd8 24. h4 Kf7 25. Bf3 Bf6 26. h5 Rc5 27. Rxd8
Bxd8 28. hxg6+ hxg6 29. a4 Qc7 30. Rd1 Kf6 31. Kg2 Be7 32. Bg4 Qc8 33. Rh1 b6
34. Bf3 Rc4 35. Qd3 Rc3 36. Qb1 Bf8 37. Qd1 Rc4 38. Rh7 e4 39. Bxe4 Rxe4 40.
Qf3+ Ke5 41. Rh8 Qc5 42. Rxf8 Qe7 43. Rf7 Qd8 44. Rf4 Qd5 45. Rxe4+ Qxe4 46.
Qxe4+ Kxe4 47. g4 g5 48. Kg3 e5 49. f4 exf4+ 50. exf4 gxf4+ 51. Kf2 Kd5 1/2-1/2

[Event "BL 1718 FC Bayern München - Speyer-Sch"]
[Site "?"]
[Date "2017.11.11"]
[Round "3.7"]
[White "Ruck, Robert"]
[Black "Bezold, Michael"]
[Result "1/2-1/2"]
[WhiteElo "2533"]
[BlackElo "2493"]
[PlyCount "89"]
[EventDate "2017.??.??"]

1. Nf3 d6 2. d4 Bg4 3. e4 Nf6 4. h3 Bh5 5. Nc3 e6 6. Qe2 c6 7. g4 Bg6 8. h4 h6
9. h5 Bh7 10. g5 hxg5 11. Nxg5 Bg8 12. Bg2 Be7 13. Be3 d5 14. O-O-O dxe4 15.
Ngxe4 Nbd7 16. Bf4 Qa5 17. Nd6+ Bxd6 18. Bxd6 O-O-O 19. Bf3 Bh7 20. Rhg1 g6 21.
hxg6 Bxg6 22. Kb1 Rh3 23. Rg3 Rxg3 24. Bxg3 Qf5 25. Rd2 Rh8 26. b3 Bh5 27. Bxh5
Qxh5 28. Qe3 Qh6 29. Bf4 Qh3 30. f3 Qf5 31. Kb2 Rh4 32. Bg3 Rh3 33. Rg2 Kd8 34.
Qf2 Nb6 35. Rh2 Rxh2 36. Bxh2 Nbd5 37. Nxd5 Nxd5 38. Qg3 Ke7 39. Qb8 Qxf3 40.
Qxb7+ Kf6 41. Qxc6 Kf5 42. Bb8 a6 43. a4 Qe3 44. Qxa6 Qxd4+ 45. Kc1 1/2-1/2

[Event "BL 1718 FC Bayern München - Speyer-Sch"]
[Site "?"]
[Date "2017.11.11"]
[Round "3.8"]
[White "Rafiee, Makan"]
[Black "Kovacs, Gabor"]
[Result "1-0"]
[WhiteElo "2322"]
[BlackElo "2463"]
[PlyCount "57"]
[EventDate "2017.??.??"]

1. e4 e5 2. Nf3 Nf6 3. Nxe5 d6 4. Nf3 Nxe4 5. Nc3 Nf6 6. d4 Be7 7. Bd3 Bg4 8.
h3 Bh5 9. Bf4 Nbd7 10. g4 Bg6 11. Qd2 Nf8 12. O-O-O Ne6 13. Bg3 Bxd3 14. Qxd3
O-O 15. Nd2 d5 16. f4 c5 17. Nf3 Bd6 18. dxc5 Nxc5 19. Qe3 Nce4 20. Ne5 Nxc3
21. Qxc3 Rc8 22. Qb3 Qc7 23. Bh4 Bxe5 24. fxe5 Qxe5 25. Bxf6 Qxf6 26. Qxd5 Rc6
27. Rhf1 Qh6+ 28. Kb1 Qxh3 29. Qxf7+ 1-0

[Event "BL 1718 SK Schwäbisch Hall - SV Hocken"]
[Site "?"]
[Date "2017.11.11"]
[Round "3.1"]
[White "Karpov, Anatoly"]
[Black "Li, Chao"]
[Result "0-1"]
[WhiteElo "2626"]
[BlackElo "2739"]
[PlyCount "84"]
[EventDate "2017.??.??"]

1. d4 Nf6 2. c4 g6 3. Nc3 d5 4. cxd5 Nxd5 5. e4 Nxc3 6. bxc3 Bg7 7. Qa4+ Nd7 8.
Nf3 O-O 9. Be2 Nb6 10. Qa5 Bd7 11. Rb1 Bc6 12. e5 Be4 13. Rb2 c5 14. O-O cxd4
15. cxd4 Bxf3 16. Bxf3 Qxd4 17. Bxb7 Nc4 18. Qa4 Rab8 19. Ba6 Rxb2 20. Bxc4
Bxe5 21. Bxb2 Qxb2 22. Qxa7 Rc8 23. Bb3 Bd4 24. Qa6 Rc5 25. Qd3 Kg7 26. g3 h5
27. Kg2 e6 28. Qb1 Qc3 29. Qe1 Qd3 30. Qb1 Qe2 31. Qd1 Qe5 32. h4 Rc3 33. Re1
Qc5 34. Qe2 e5 35. Kf1 Qc6 36. Qe4 Qf6 37. Qg2 Bxf2 38. Qxf2 Rf3 39. Re2 Rxf2+
40. Rxf2 Qa6+ 41. Kg2 f5 42. Rd2 Kf6 0-1

[Event "BL 1718 SK Schwäbisch Hall - SV Hocken"]
[Site "?"]
[Date "2017.11.11"]
[Round "3.3"]
[White "Ponomariov, Ruslan"]
[Black "Laznicka, Viktor"]
[Result "1/2-1/2"]
[WhiteElo "2687"]
[BlackElo "2654"]
[PlyCount "42"]
[EventDate "2017.??.??"]

1. e4 c6 2. Nc3 d5 3. Nf3 Bg4 4. h3 Bxf3 5. Qxf3 e6 6. Be2 Nf6 7. O-O dxe4 8.
Nxe4 Nxe4 9. Qxe4 Nd7 10. d4 Nf6 11. Qd3 Be7 12. Rd1 O-O 13. Bd2 Qb6 14. Be1
Rfd8 15. Qb3 Qc7 16. Bf3 Rd7 17. g3 Rad8 18. c3 h5 19. h4 g6 20. Qc2 Kh7 21.
Qe2 Rh8 1/2-1/2

[Event "BL 1718 SK Schwäbisch Hall - SV Hocken"]
[Site "?"]
[Date "2017.11.11"]
[Round "3.4"]
[White "Gharamian, Tigran"]
[Black "Sasikiran, Krishnan"]
[Result "1/2-1/2"]
[WhiteElo "2626"]
[BlackElo "2677"]
[PlyCount "55"]
[EventDate "2017.??.??"]

1. e4 c5 2. Nf3 d6 3. Bb5+ Nd7 4. d4 cxd4 5. Qxd4 a6 6. Bxd7+ Bxd7 7. Nc3 e5 8.
Qd3 h6 9. Nd2 Rc8 10. Nc4 Be6 11. Ne3 Nf6 12. O-O Qc7 13. a4 Be7 14. Rd1 O-O
15. Bd2 Rfd8 16. Be1 Rd7 17. a5 h5 18. h3 g6 19. b3 Qc6 20. Ra2 Rdc7 21. Qe2
Nxe4 22. Ncd5 Nc5 23. Nxc7 Rxc7 24. Qd2 Ne4 25. Qd3 Nc5 26. Qd2 Ne4 27. Qd3 Nc5
28. Qd2 1/2-1/2

[Event "BL 1718 SK Schwäbisch Hall - SV Hocken"]
[Site "?"]
[Date "2017.11.11"]
[Round "3.5"]
[White "Moiseenko, Alexander"]
[Black "Postny, Evgeny"]
[Result "1-0"]
[WhiteElo "2674"]
[BlackElo "2569"]
[PlyCount "92"]
[EventDate "2017.??.??"]

1. d4 d5 2. c4 c6 3. Nc3 Nf6 4. Nf3 dxc4 5. a4 e6 6. e3 c5 7. Bxc4 Be7 8. O-O
O-O 9. Qe2 cxd4 10. exd4 Nc6 11. Rd1 Nd5 12. Qe4 Nf6 13. Qh4 Nd5 14. Qg4 Nf6
15. Qg3 Bd6 16. Qh4 Ne7 17. Ne5 Nf5 18. Qh3 Nd5 19. Bd3 Nxc3 20. bxc3 g6 21. g4
Qh4 22. Qxh4 Nxh4 23. Bh6 Bxe5 24. dxe5 Nf3+ 25. Kg2 Nxe5 26. Bb5 b6 27. Bxf8
Bb7+ 28. Kg3 Kxf8 29. f4 Nc6 30. Rd7 Na5 31. Rad1 a6 32. Rd8+ Rxd8 33. Rxd8+
Ke7 34. Rd7+ Kf8 35. Be2 Bc6 36. Ra7 Nb3 37. Rxa6 Nc5 38. Rxb6 Bxa4 39. Kf3 Ke7
40. Ke3 f6 41. Bb5 Bc2 42. Rc6 Ne4 43. Kd4 g5 44. fxg5 Nxg5 45. Rc7+ Kd8 46.
Rd7+ Kc8 1-0

[Event "BL 1718 SK Schwäbisch Hall - SV Hocken"]
[Site "?"]
[Date "2017.11.11"]
[Round "3.6"]
[White "Womacka, Mathias"]
[Black "Saric, Ivan"]
[Result "0-1"]
[WhiteElo "2434"]
[BlackElo "2662"]
[PlyCount "102"]
[EventDate "2017.??.??"]

1. e4 g6 2. d4 Bg7 3. Nc3 d6 4. f4 Nf6 5. Nf3 O-O 6. Bd3 Nc6 7. O-O e5 8. dxe5
dxe5 9. f5 Nb4 10. fxg6 hxg6 11. Bg5 Nxd3 12. cxd3 Qd6 13. Qe1 Nh5 14. Rd1 c5
15. Qh4 f6 16. Bc1 Be6 17. g4 Nf4 18. Bxf4 exf4 19. e5 Qd7 20. exf6 Bxf6 21. g5
Bg7 22. Ne4 Rf5 23. d4 cxd4 24. Nf6+ Bxf6 25. gxf6 Qh7 26. Qxh7+ Kxh7 27. Nxd4
Rg5+ 28. Kf2 Bd5 29. Nf3 Rf5 30. Rfe1 Rc8 31. Re7+ Kh6 32. Rd2 Rh5 33. h4 Bxf3
34. Kxf3 Rxh4 35. Rdd7 Kg5 36. f7 Rh3+ 37. Kg2 Kg4 38. Rd2 Rf8 39. Rxb7 Rfh8
40. Kf1 f3 41. Rb5 Kf4 42. Rd4+ Ke3 43. Rg4 Rh1+ 44. Rg1 Rxg1+ 45. Kxg1 f2+ 46.
Kg2 Rh2+ 47. Kxh2 f1=Q 48. Rb7 Qf2+ 49. Kh3 Qf3+ 50. Kh4 Qf4+ 51. Kh3 Kf2 0-1

[Event "BL 1718 SK Schwäbisch Hall - SV Hocken"]
[Site "?"]
[Date "2017.11.11"]
[Round "3.7"]
[White "Buhmann, Rainer"]
[Black "Zeller, Frank"]
[Result "1-0"]
[WhiteElo "2564"]
[BlackElo "2371"]
[PlyCount "49"]
[EventDate "2017.??.??"]

1. e4 c5 2. Nf3 d6 3. d4 cxd4 4. Nxd4 Nf6 5. Nc3 a6 6. Be3 Ng4 7. Bg5 h6 8. Bc1
Nf6 9. Bc4 e6 10. Bb3 Nc6 11. f4 Be7 12. Be3 Qc7 13. Qf3 Na5 14. O-O b5 15. f5
e5 16. Nd5 Nxd5 17. Bxd5 exd4 18. Bxd4 Bf6 19. Bxf6 gxf6 20. Bxa8 Qa7+ 21. Rf2
Qxa8 22. Qc3 Nc4 23. Qxf6 Rg8 24. b3 Qxe4 25. Qc3 1-0

[Event "BL 1718 SK Schwäbisch Hall - SV Hocken"]
[Site "?"]
[Date "2017.11.11"]
[Round "3.8"]
[White "Zpevak, Pavel"]
[Black "Baramidze, David"]
[Result "0-1"]
[WhiteElo "2342"]
[BlackElo "2610"]
[PlyCount "96"]
[EventDate "2017.??.??"]

1. d4 Nf6 2. c4 g6 3. Nc3 d5 4. Nf3 Bg7 5. cxd5 Nxd5 6. Bd2 O-O 7. Rc1 Nb6 8.
Bf4 c5 9. dxc5 Bxc3+ 10. bxc3 Qxd1+ 11. Rxd1 Na4 12. Bh6 Re8 13. e3 Nc6 14. Rd2
Nxc5 15. Bb5 Ne4 16. Rc2 Nd6 17. Bxc6 bxc6 18. O-O f6 19. Bf4 e5 20. Bg3 Rb8
21. Nd4 c5 22. Nb3 c4 23. Nc5 Bf5 24. Rd2 Bd3 25. Rfd1 Red8 26. f3 Nb5 27. Na4
Na3 28. Be1 Rdc8 29. Rc1 f5 30. h4 Rb5 31. e4 fxe4 32. fxe4 Bxe4 33. Rd7 a5 34.
Bf2 Bf5 35. Re7 Bd3 36. Re1 e4 37. Bd4 Nc2 38. Rg7+ Kf8 39. Rxh7 Rc6 40. Rc1 e3
41. Rh8+ Ke7 42. Rh7+ Ke6 43. Rh8 e2 44. Bf2 Kf7 45. Rh7+ Kg8 46. Re7 Kf8 47.
Rxe2 Bxe2 48. Rxc2 Bd1 0-1

[Event "BL 1718 SF Deizisau - SV Hofheim"]
[Site "?"]
[Date "2017.11.11"]
[Round "3.1"]
[White "Schroeder, Jan-Christian"]
[Black "Bluebaum, Matthias"]
[Result "1/2-1/2"]
[WhiteElo "2552"]
[BlackElo "2643"]
[PlyCount "47"]
[EventDate "2017.??.??"]

1. e4 e6 2. d4 d5 3. Nd2 c5 4. Ngf3 cxd4 5. Nxd4 Nf6 6. exd5 Nxd5 7. N2f3 Bb4+
8. Bd2 O-O 9. Be2 Qb6 10. c3 Bc5 11. O-O Nc6 12. Nxc6 Qxc6 13. Bd3 Qc7 14. Qe2
Nf4 15. Bxf4 Qxf4 16. Rad1 Be7 17. Ne5 Bf6 18. Rfe1 g6 19. Bc2 b6 20. Bb3 Bxe5
21. Qxe5 Qxe5 22. Rxe5 Ba6 23. Re4 Rfd8 24. Red4 1/2-1/2

[Event "BL 1718 SF Deizisau - SV Hofheim"]
[Site "?"]
[Date "2017.11.11"]
[Round "3.2"]
[White "Meier, Georg"]
[Black "Perske, Thore"]
[Result "1-0"]
[WhiteElo "2655"]
[BlackElo "2443"]
[PlyCount "69"]
[EventDate "2017.??.??"]

1. Nf3 Nf6 2. g3 g6 3. Bg2 Bg7 4. O-O O-O 5. d4 d6 6. b3 c5 7. c4 d5 8. Bb2
dxc4 9. dxc5 Qxd1 10. Rxd1 Nfd7 11. Bxg7 Kxg7 12. Nfd2 Nxc5 13. Nxc4 Nc6 14.
Nc3 Be6 15. Bxc6 bxc6 16. Na5 Rfc8 17. Rac1 Rab8 18. f3 f6 19. Kf2 Kf7 20. Rd2
Nd7 21. h4 c5 22. Ne4 Rc7 23. g4 Rb5 24. Nc4 Rb4 25. Nb2 h6 26. Nd3 Rb5 27.
Rdc2 f5 28. Nexc5 Nxc5 29. Rxc5 Rbxc5 30. Rxc5 Rb7 31. g5 h5 32. Rc6 Rb5 33. a4
Ra5 34. b4 Bd7 35. bxa5 1-0

[Event "BL 1718 SF Deizisau - SV Hofheim"]
[Site "?"]
[Date "2017.11.11"]
[Round "3.3"]
[White "Lobzhanidze, Davit"]
[Black "Krasenkow, Michal"]
[Result "0-1"]
[WhiteElo "2432"]
[BlackElo "2651"]
[PlyCount "88"]
[EventDate "2017.??.??"]

1. e4 c5 2. Nf3 Nc6 3. Bb5 e6 4. O-O Nge7 5. c3 a6 6. Ba4 b5 7. Bc2 Bb7 8. a4
Ng6 9. axb5 axb5 10. Rxa8 Qxa8 11. d4 cxd4 12. Nxd4 b4 13. Nxc6 Bxc6 14. Re1
Be7 15. cxb4 O-O 16. b5 Bxb5 17. Nc3 Bc6 18. Ba4 Rb8 19. Bxc6 Qxc6 20. f4 f5
21. Qe2 Bb4 22. exf5 Qc5+ 23. Kh1 Qxf5 24. g3 Rc8 25. Bd2 Qc2 26. Be3 Qb3 27.
Bd4 Ne7 28. Rd1 Nf5 29. Bf2 Bxc3 30. bxc3 Qxc3 31. Kg1 Qc6 32. Qd3 Rc7 33. Re1
Rb7 34. Rd1 h5 35. Qe2 g6 36. h3 Rb3 37. Rd3 Qb5 38. Rd2 Qxe2 39. Rxe2 Nxg3 40.
Rd2 Ne4 41. Rxd7 Rb1+ 42. Kg2 Rb2 43. Kf3 Nxf2 44. Re7 Nxh3 0-1